000 01120naa a22003017a 4500
001 BR7907398
003 BR-BrBNA
005 20250716093230.0
007 ta
008 250630b bl.|||m| |||| 00| 0 por d
040 _aBR-BrBNA
_bpor
_cBiblioteca Nacional de Agricultura
041 _a(Pt)
072 _aF00; F30
_b0170
_bG514
090 _aF00 BR7907398
100 1 _aBrasil, G.A.
100 1 _aVieira, F.Z.G.
100 1 _aAraujo, F.E. de
245 1 _aCompeticao de cultivares de sorgo granifero [Sorgum spp., Fertilidade do solo; Ceara, Brasil]
500 _aRelatorio anual de pesquisa 1978. Fitotecnia Fortaleza, CE (Brasil): 1979. p. 161-169 [3 tables; Summary (Pt); 5 ref.] (BR7907398-AMS)
773 0 _tRelatorio anual de pesquisa 1978. Fitotecnia
_wF00 BR7907398
_gFortaleza, CE (Brasil), 1979. p. 161-169
650 _aCOMPETICAO DE VARIEDADE
650 _aFERTILIDADE DO SOLO
650 _aSORGO GRANIFERO
650 _aCEARA
490 _aRelatorio Anual de Pesquisa - Empresa de Pesquisa Agropecuaria do Ceara (Brazil)
942 _cAMS
_2AGRIS
909 _a202506
_bLúcia
_c55
_dLúcia Elande
999 _c333503
_d333503